كتاب التراجم / (رقم التسجيلة. 73986)

تفاصيل مارك
000 -الفاتح
عناصر البيانات ثابتة الطول 00567cam a2200169 i 4500
005 - تاريخ ووقت آخر معاملة
حقل ضبط 20251112122604.0
008 - عناصر البيانات ثابتة الطول
عناصر البيانات ثابتة الطول 250721s2003 sy gr 000 0 ara d
082 14 - رقم تصنيف ديوي العشري
رقم التصنيف 189
رقم المادة ع ر ب
100 1# - مدخل رئيسي – اسم شخصي
الاسم الشخصي بن عربي، محي الدين.
علاقة الشخص بالعمل/ دوره مؤلف.
245 10 - بيان العنوان
العنوان كتاب التراجم /
بيان المسؤولية تأليف الشيخ محيي الدين بن عربي.
250 ## - بيان الطبعة
بيان الطبعة الطبعة الأولى.
264 31 - بيانات النشر، التوزيع…إلخ
مكان النشر، التوزيع...إلخ دمشق :
اسم الناشر، الموزع...إلخ دار المحبة،
تاريخ النشر، التوزيع...إلخ 2003.
300 ## - الوصف المادي
عدد الوحدات المكونة للوعاء 210 صفحة.
650 17 - مدخل إضافي بالموضوع - مصطلح موضوعي
مصطلح موضوعي أو اسم جغرافي كعنصر مدخل الفلسفة الإسلامية.
942 ## - بيانات إضافية (كوها)
نوع التنصيف Dewey Decimal Classification
نوع المادة (كوها) كتب
المقتنيات
حالة السحب حالة الفقدان مصدر التصنيف حالة التلف غير قابل للإعارة المكتبة الرئيسية المكتبة الحالية موقع الرف تاريخ التزويد الرقم المتسلسل Total Checkouts رقم الإستدعاء الباركود تاريخ آخر ظهور تاريخ الفاتورة نوع المادة (كوها)
    Dewey Decimal Classification     المكتبة المركزية المكتبة المركزية الإعارة 06/07/2004 618270   189 / ع ر ب 618270 28/07/2025 06/07/2004 كتب
    Dewey Decimal Classification     المكتبة المركزية المكتبة المركزية الإعارة 28/07/2025 28846   189 / ع ر ب 28846 28/07/2025 28/07/2025 كتب
Implemented & Customized by: BBB with SCIT (Smart Chains for Information Technology)

Powered by Koha